Perspectives of the BRICS countries in the global economy

Guardado en:
Detalles Bibliográficos
Autor principal: Draková, Silvia
Formato: Capítulo de libro
Lenguaje:inglés
Etiquetas: Agregar Etiqueta
Sin Etiquetas, Sea el primero en etiquetar este registro!

MARC

LEADER 00000naa$a2200000$$$4500
001 0183800
005 20240502083433.0
041 0 |a eng 
044 |a RU 
245 1 0 |a Perspectives of the BRICS countries in the global economy  |c Silvia Draková 
100 1 |a Draková, Silvia